La antropología física /

Guardado en:
Autor Principal: Morel, Pierre
Formato: Libro
Publicado: Buenos Aires : Eudeba, 1964
Materias:
Etiquetas: Agregar Etiqueta
Sin Etiquetas, Sea el primero en etiquetar este registro!
LEADER 00614nam a22001815a 4500
001 CEM.cems004525
005 20060216000000.0
008 130507s1964##################000#0#####d
003 CEMS
082 0 4 |a 573 
100 1 |a Morel, Pierre 
245 1 0 |a La antropología física / 
260 |a Buenos Aires :  |b Eudeba,  |c 1964 
300 |a 114 p. 
505 0 |a El problema biologico del hombre. La preparación de la forma humana. La hominización. Los tiempos del hombre. El advenimiento del Homo Sapiens. 
653 |a Antropologia 
653 |a Antropologia física 
859 |a CEMS  |b BIB. CEMS - 11 de abril  |h 573  |i M814  |p 1729.74  |t Ej.1